| 000 | 00354nam a2200145Ia 4500 | ||
|---|---|---|---|
| 005 | 20251222152650.0 | ||
| 008 | 251222s9999||||xx |||||||||||||| ||spa|| | ||
| 020 | _a9507311475 | ||
| 082 | _a652.302/M26 | ||
| 100 | _aMartini, Juan | ||
| 245 | 0 | _aLa Máquina de Escribir | |
| 250 | _a1ra. ed. | ||
| 264 | _bSeix Barral / Biblioteca Breve | ||
| 942 | _cLIB | ||
| 999 |
_c28435 _d28435 |
||